| 000 | 00803nam a2200193 i 4500 | ||
|---|---|---|---|
| 001 | 173875 | ||
| 003 | ES-MaACL | ||
| 005 | 20230906215357.0 | ||
| 007 | t| | ||
| 008 | 100127s1864 sp ||||1| spa d | ||
| 100 | 1 |
_aCamprodón, Francisco. _934301 |
|
| 245 | 1 | 0 |
_aMarina _b: zarzuela en dos actos, en verso, original / _cde Francisco Camprodón ; música de Emilio Arrieta. |
| 250 | _a2ª ed. | ||
| 260 |
_aMadrid : _b[s.n.], _c1864 ( _fImpr. de José Rodríguez) |
||
| 300 |
_a62 p. ; _c17 cm. |
||
| 500 | _aSolo la letra. | ||
| 700 | 1 |
_aArrieta, Emilio. _923300 |
|
| 852 |
_aES-MaACL _jF-8623(12) _z.- Enc. pasta española _q.- Falto de la cub. original _z.- Enc. en un vol. facticio formando parte de la col. facticia "Teatro español moderno", vol. 78 _z.- Firma ms. de Gustavo Saenz Diez, 1877 |
||
| 999 |
_c173875 _d173875 |
||